Iberoamérica del descubrimiento a la independencia

Furkejuvvon:
Bibliográfalaš dieđut
Váldodahkki: Mazín Gómez, Óscar (autor)
Materiálatiipa: Girji
Giella:espánnjágiella
Almmustuhtton: Ciudad de México El Colegio de México 2007
Preanttus:1a. ed
Ráidu:Colección Tramas
Fáttát:
Fáddágilkorat: Lasit fáddágilkoriid
Eai fáddágilkorat, Lasit vuosttaš fáddágilkora!

MARC

LEADER 00000nam a2200000 a 4500
001 UCI3155
003 CL-VaPUC
008 071012e20070000MX |||||||||||||||||spa|d
020 |a 9681212541 
082 0 4 |a 980  |b MAZ  |2 21 
100 |a Mazín Gómez, Óscar   |e autor  |9 524564 
245 1 0 |a Iberoamérica del descubrimiento a la independencia 
250 |a 1a. ed 
300 |a 332 p 
942 |c BK 
945 |d 20071012 00:00:00  |a jtorresc 
260 |a Ciudad de México  |b El Colegio de México  |c 2007 
650 7 |a HISTORIA LATINOAMERICANA  |2 CL-VaPUC  |9 347191 
650 7 |a DESCUBRIMIENTO DE AMERICA  |2 CL-VaPUC  |9 524565 
650 0 |a Conquista  |9 339504 
650 7 |a COLONIA  |2 CL-VaPUC  |9 524566 
650 0 |a Independencia   |9 344246 
651 0 |a América Latina   |9 255027 
583 |a last modification  |c 20071012 00:00:00  |k Rodrigo Vera 
490 0 |a Colección Tramas 
999 |c 327528  |d 327526 
952 |0 0  |1 0  |4 0  |6 980_000000000000000_MAZ_2007  |7 0  |8 A  |9 410453  |a BIBHIS  |b BIBHIS  |d 2019-11-22  |i 4377370  |o 980 MAZ 2007  |p 4377370  |r 2025-01-20  |w 2019-11-22  |y BK  |k HIS